Simulácia riadenia montážneho systému v prostredí simulátora SIMFACTORY II.5 : Diplomová práca

Guardado en:
Detalles Bibliográficos
Autor principal: Cisár, Roman (Autor)
Otros Autores: Važan, Pavel (xxx)
Formato: Manuscrito Libro
Lenguaje:eslovaco
Publicado: Trnava : STU v Bratislave MtF KAIA, 1999
Materias:
Etiquetas: Agregar Etiqueta
Sin Etiquetas, Sea el primero en etiquetar este registro!

MARC

LEADER 00000ntm a22000003a 4500
001 stu74352
005 20160719155103.4
008 020226s1999----xo------------------slo-d
040 |a STU  |b slo 
041 0 |a slo 
044 |a xo 
100 1 |a Cisár, Roman  |4 aut 
245 1 |a Simulácia riadenia montážneho systému v prostredí simulátora SIMFACTORY II.5 :  |b Diplomová práca 
260 |a Trnava :  |b STU v Bratislave MtF KAIA,  |c 1999 
300 |a 73 s  |c výťah 
650 7 |a Systémy montážne-riadenie  |2 stusub 
650 7 |a Simulátory  |2 stusub 
650 7 |a Strojárska aplikovaná informatika  |2 stusub 
700 1 |a Važan, Pavel  |4 xxx 
996 |b 284M041768  |c M*DP-1138  |l MMSKP  |s P  |a 0  |w stu74352_0001